000 01246nam a22003375i 4500
003 EG-ScBUE
005 20250423125030.0
008 150611t2013 maua f 000 0 eng d
020 _a9780321820464
020 _a0321820460
040 _aEG-ScBUE
_beng
_erda
_cEG-ScBUE
_dEG-ScBUE
082 0 4 _a520
_bLEC
_222
245 0 0 _aLecture-tutorials :
_bfor introductory astronomy /
_cEdward E. Prather, University of Arizona, [and three others] ; with contributions by Jack A. Dostal, Wake Forest University, Colin S. Wallace, University of Arizona.
250 _aThird edition.
264 1 _aBoston :
_bPearson Education, Inc.,
_c[2013]
264 4 _cc2013
300 _aviii, 168 pages :
_billustrations ;
_c24 cm.
336 _2rdacontent
_atext
_btxt
337 _2rdamedia
_aunmediated
_bn
338 _2rdacarrier
_avolume
_bnc
490 0 _aPearson series in educational innovation
650 7 _aAstronomy.
_2BUEsh
655 _vReading book
700 1 _aPrather, Edward E.,
_938211
_eauthor.
700 1 _aSlater, Timothy F.,
_eauthor.
700 1 _aAdams, Jeffrey P.,
_eauthor.
700 1 _aBrissenden, Gina,
_eauthor.
700 1 _aDostal, Jack A.,
_eContributer.
700 1 _aWallace, Colin S.,
_eContributer.
942 _2ddc
_cBB
999 _c19614
_d19586